Тут зводять будинки з попелу (Запис № 17298)

000 -Маркер запису
Контрольне поле сталої довжини 02568nam a22002417a 4500
003 - Належність контрольного номера
Контрольне поле Uzh_bibl
008 - Кодовані дані
Контрольне поле сталої довжини 260409b |||||||| |||| 00| 0 ukr d
020 ## - Індекс ISBN
ISBN 978-8-99-38852-0-9
Ціна 200.00
040 ## - Джерело каталогіз.
Код мови каталог. укр.
041 ## - Код мови видання
Код мови оригіналу українська
Код мови тексту українська
080 ## - Індекс УДК
Індекс УДК 94(477)
090 ## - Шифри
Поличний індекс 94(477)
Авторський знак Б 91
100 ## - Автор
Автор Букреєва,Ліза
245 ## - Назва
Назва Тут зводять будинки з попелу
Фізичний носій Альбом
260 ## - Вихідні дані
Місце видання Київ
Видавництво Publish Pro
Дата видання 2025
300 ## - Фізичний опис
Обсяг 158 с.
Ілл./тип відтвор. іл.
Тип одиниці В опр.
520 ## - Анотація
Анотація У межах ініціативи FotoEvidence Ukraine (UAPP × FotoEvidence) @ukrainian_photographers видала фотокнигу Лізи Букреєвої @lisa_bukreyeva «Тут зводять будинки з попелу» — камерну й водночас безмежно масштабну історію про повсякденне життя цивільних у деокупованих і прифронтових громадах. Це книга про рутину, в якій інколи зникає логіка, але залишається людська гідність. Про зруйновані місця, що можуть здаватися майже звичайними, якщо не вдивлятися. Та щойно зупиняєш погляд — проступають тріщини: страх, біль, упертість, надія.<br/><br/>У центрі проєкту — спроба відповісти на питання, яке звучить майже нестерпно простим: чому люди залишаються там, де знищена інфраструктура, бракує базових умов для життя, а небезпека є щоденною реальністю?<br/><br/>«Тут зводять будинки з попелу» — не лише про виживання. Це про право: залишатися на своїй землі попри руйнування; вирішувати, де жити — і навіть де померти. Про внутрішню силу, яка не завжди має гучні слова, але проявляється у найпростішому — у присутності, в опорі будням, у небажанні віддати свій дім війні остаточно.
521 ## - Примітка про цільове призначення
Примітка про цільове призначення Для широкого кола читачів
546 ## - Примітка про мову
Примітка про мову укр.
650 ## - Тематичні рубрики
Основна рубрика Популярне видання
655 ## - Термін індексування — жанр/форма
Жанр/форма Фотоальбом
942 ## - ADDED ENTRY ELEMENTS (KOHA)
Джерело класифікації чи схема поличного розташування
Koha item type Книги
Фонди
Статус вилучення Статус втрати/відсутності Джерело класифікації чи схема поличного розташування Статус пошкодження Тип обігу (не для випозичання) Постійне розташування Поточне розташування Розташування у відділі Дата надходження Джерело надходження (постачальник) Інвентарний номер Повний (примірниковий) шифр зберігання Штрих-код Date last seen Дата, для якої чинна ціна заміни Тип одиниці (рівень примірника)
          Публічна бібліотека Публічна бібліотека Абонемент 08/04/2026 Подаровані 80847 94(477) 19297 09/04/2026 09/04/2026 Книги

Працює на АБІС Коха